UM Logo

Theater in an Arts Desert : (Record no. 24388)

MARC details
000 -LEADER
fixed length control field 00750nam a22001937a 4500
003 - CONTROL NUMBER IDENTIFIER
control field OSt
005 - DATE AND TIME OF LATEST TRANSACTION
control field 20260302162410.0
008 - FIXED-LENGTH DATA ELEMENTS--GENERAL INFORMATION
fixed length control field 260302b |||||||| |||| 00| 0 eng d
040 ## - CATALOGING SOURCE
Transcribing agency 0
082 ## - DEWEY DECIMAL CLASSIFICATION NUMBER
Classification number DPer 372.21 C437 January-December 2024 v.100 n.1-6
100 ## - MAIN ENTRY--PERSONAL NAME
Relator term author.
245 ## - TITLE STATEMENT
Title Theater in an Arts Desert :
Remainder of title Partner for Enrichment /
Statement of responsibility, etc. Ronald V. Morris and Denise Shockley.
260 ## - PUBLICATION, DISTRIBUTION, ETC. (IMPRINT)
Place of publication, distribution, etc. Washington, DC., USA.
Name of publisher, distributor, etc. Childhood Education International
Date of publication, distribution, etc. March-April 2024.
300 ## - PHYSICAL DESCRIPTION
Extent Volume 100, pages 54-59 ;
Other physical details illustration ;
Dimensions 27 cm.
500 ## - GENERAL NOTE
General note Childhood Education Innovations, vol. 100 no. 2, pages 54-59, March-April 2024.
700 ## - ADDED ENTRY--PERSONAL NAME
Personal name Morris, Ronald V.
Relator term author.
9 (RLIN) 69894
700 ## - ADDED ENTRY--PERSONAL NAME
Personal name Shockley, Denise.
Relator term author.
9 (RLIN) 69895
942 ## - ADDED ENTRY ELEMENTS (KOHA)
Source of classification or shelving scheme Dewey Decimal Classification
Koha item type Periodicals
Holdings
Withdrawn status Lost status Source of classification or shelving scheme Damaged status Not for loan Collection code Home library Current library Date acquired Total Checkouts Full call number Date last seen Price effective from Koha item type Public note
    Dewey Decimal Classification     Periodicals UM Digos College - LIC UM Digos College - LIC 03/02/2026   DPer 372.21 C437 January-December 2024 v.100 n.1-6 03/02/2026 02/03/2026 Periodicals Periodical Article